| 000 | 01388nam a22003737a 4500 | ||
|---|---|---|---|
| 001 | 170 | ||
| 003 | FISKH | ||
| 005 | 20231107154903.0 | ||
| 008 | 230301b cb ||||| |||| 00| 0 eng d | ||
| 040 |
_aDLC _cDLC _dDLC _dFISKH _beng |
||
| 042 | _alcac | ||
| 050 | 0 | 0 |
_aPZ7.P2197 _bJs 2002 |
| 082 | 0 | 0 |
_a813 _221 |
| 100 | 1 | _aPark, Barbara | |
| 245 | 1 | 0 |
_aJunie B., first grader : _bboss of lunch / _cBarbara Park ; illustrated by Denise Brunkus. |
| 246 | 3 | 0 | _aBoss of lunch |
| 250 | _a1st edition | ||
| 260 |
_aNew York _bScholastic, _c2002. |
||
| 300 |
_a77 pages : _billustrations _c20 cm |
||
| 490 | 1 |
_aThe Junie B. Jones series ; _v19 |
|
| 500 | _a"A stepping stone book." | ||
| 505 | _aK | ||
| 520 | _aJunie, an outspoken, sometimes exasperating, first grader is thrilled when she is told she can help out in the school cafeteria. | ||
| 521 | 8 |
_a540
_bLexile |
|
| 521 | 8 |
_aK _bRaz-Plus |
|
| 650 | 1 |
_aSchools _vFiction. |
|
| 650 | 1 |
_aSchool lunchrooms, cafeterias, etc. _vFiction. |
|
| 700 | 1 |
_aBrunkus, Denise _eillustrator |
|
| 800 | 1 |
_aPark, Barbara _tJunie B. Jones series ; _v#19. |
|
| 856 | 4 | 2 |
_3Contributor biographical information _uhttp://www.loc.gov/catdir/bios/random053/2001048983.html |
| 856 | 4 | 2 |
_3Publisher description _uhttp://www.loc.gov/catdir/description/random0415/2001048983.html |
| 906 |
_a7 _bcbc _corignew _d1 _eocip _f20 _gy-gencatlg |
||
| 942 |
_2ddc _cBK _n0 |
||
| 999 |
_c170 _d170 |
||